Villes d'Italie en images - Statistiques

Statistiques générales
  • Ce quiz a été pris 283 fois
    245 depuis la dernière actualisation
  • Le résultat moyen est 8 sur 32
Statistiques - réponses
Par images Réponse % Correct
Rome
100%
Venise
86%
Florence
80%
Milan
80%
Naples
55%
Sienne
50%
Turin
49%
Bologne
41%
Gênes
33%
Manarola
33%
Catane
27%
Vérone
21%
Côme
20%
Bari
18%
Palerme
18%
Padoue
15%
Parme
14%
Lucques
11%
Cagliari
9%
Trieste
9%
Trente
8%
Modène
7%
Aoste
6%
Pavie
6%
Pescara
6%
Reggio de Calabre
6%
Messine
5%
Tarente
5%
Udine
4%
Syracuse
3%
Brescia
2%
Prato
0%
Aucun quiz correspondant
Distribution des résultats
% des personnes avec chaque résultat
Percentile par nombre de réponses
Votre historique - résultats
Vous n’avez pas pris ce quiz depuis la dernière actualisation